Felépült a ruhagyár készáruraktára

Elmentve itt :
Bibliográfiai részletek
Szerző: Somogyi Károlyné
Dokumentumtípus: Cikk
Megjelent: 1975-12-20
Sorozat:Délmagyarország 65 No. 298
Kulcsszavak:ruhaipar
Online Access:http://dmarchiv.bibl.u-szeged.hu/106885
LEADER 00463nab a2200157 i 4500
001 delm106885
005 20190418121334.0
008 190418s1975 hu o 0|| hun d
040 |a SZTE Délmagyarország Archívum  |b hun 
041 |a hun 
100 1 |a Somogyi Károlyné 
245 1 0 |a Felépült a ruhagyár készáruraktára  |h [elektronikus dokumentum] /  |c  Somogyi Károlyné 
260 |c 1975-12-20 
300 |a 5 
490 0 |a Délmagyarország  |v 65 No. 298 
695 |a ruhaipar